[Event "First Saturday09JulyIM-A"]
[Site "Budapest"]
[Date "2009.07.04"]
[Round "1"]
[White "Margraf, Daniel"]
[Black "Farago, Sandor"]
[Result "0-1"]
[WhiteElo "2238"]
[BlackElo "2244"]
[PlyCount "57"]
[EventDate "2009.07.04"]

1. e4 c5 2. Nc3 Nc6 3. Bc4 e6 4. d3 Nf6 5. f4 d5 6. Bb5 dxe4 7. Bxc6+ bxc6 8.
Nxe4 Nxe4 9. dxe4 Qxd1+ 10. Kxd1 Ba6 11. Nf3 O-O-O+ 12. Ke1 f6 13. Be3 Rd7 14.
Kf2 Be7 15. Rhd1 Rhd8 16. Rxd7 Rxd7 17. Re1 Kb7 18. Nd2 c4 19. c3 Rd3 20. Ke2
c5 21. Rd1 Kc6 22. Nf3 Rxd1 23. Kxd1 Kb6 24. Ke2 Bb7 25. Nd2 e5 26. Bf2 f5 27.
exf5 exf4 28. Nf3 Be4 29. Nh4 0-1

[Event "First Saturday09JulyIM-A"]
[Site "Budapest"]
[Date "2009.07.04"]
[Round "1"]
[White "Szeberenyi, Adam"]
[Black "Biro, Sandor"]
[Result "1-0"]
[WhiteElo "2318"]
[BlackElo "2312"]
[PlyCount "63"]
[EventDate "2009.07.04"]

1. d4 d5 2. c4 e5 3. dxe5 d4 4. Nf3 Nc6 5. Nbd2 Nge7 6. Nb3 Nf5 7. e4 dxe3 8.
Qxd8+ Kxd8 9. Bxe3 Nxe3 10. fxe3 Bb4+ 11. Kf2 Re8 12. Rd1+ Bd7 13. c5 Nxe5 14.
a3 Ng4+ 15. Kg3 Rxe3 16. Bd3 Ne5 17. Kf4 Rxd3 18. Nxe5 Rxb3 19. Nxd7 Ke7 20.
axb4 Rxb4+ 21. Kg3 Rb3+ 22. Kh4 f6 23. c6 Rb4+ 24. Kh3 bxc6 25. Nc5 Kf7 26.
Rhe1 Rxb2 27. Rd7+ Kg6 28. Ree7 Rg8 29. Rxc7 Rb5 30. Rxc6 a5 31. Rcc7 Kh6 32.
Ne6 1-0

[Event "First Saturday09JulyIM-A"]
[Site "Budapest"]
[Date "2009.07.04"]
[Round "1"]
[White "Khadempour, Farhad"]
[Black "Sebestyen, Balazs"]
[Result "0-1"]
[WhiteElo "2180"]
[BlackElo "2242"]
[PlyCount "72"]
[EventDate "2009.07.04"]

1. c4 e5 2. Nc3 Bb4 3. g3 f5 4. Bg2 Nf6 5. Nf3 Nc6 6. O-O Bxc3 7. bxc3 O-O 8.
d3 d6 9. Rb1 Qe8 10. Qc2 Qh5 11. Re1 f4 12. Bd2 Rb8 13. Rb2 Bh3 14. Bh1 Qg4 15.
Reb1 Nh5 16. Be1 Ne7 17. Rxb7 Rxb7 18. Rxb7 Nf5 19. Qd2 h6 20. Bg2 Bxg2 21.
Kxg2 fxg3 22. fxg3 e4 23. dxe4 Nh4+ 24. Kg1 Nxf3+ 25. exf3 Qxf3 26. Bf2 Nf6 27.
Qe3 Qd1+ 28. Qe1 Qc2 29. h3 Nxe4 30. Bd4 Ng5 31. Kh1 Qf5 32. Rxc7 Qxh3+ 33. Kg1
Nf3+ 34. Kf2 Nxd4+ 35. Ke3 Nc2+ 36. Kd2 Nxe1 0-1

[Event "First Saturday09JulyIM-A"]
[Site "Budapest"]
[Date "2009.07.04"]
[Round "1"]
[White "Nazarenus, Olaf"]
[Black "Bakin, Alexander"]
[Result "0-1"]
[WhiteElo "2154"]
[BlackElo "2248"]
[PlyCount "64"]
[EventDate "2009.07.04"]

1. Nf3 c5 2. b3 d5 3. Bb2 Nc6 4. e3 Nf6 5. d4 Bg4 6. Be2 e6 7. Nbd2 Be7 8. O-O
O-O 9. dxc5 Bxc5 10. c4 a6 11. Rc1 Be7 12. Nd4 Bxe2 13. Qxe2 Nxd4 14. Bxd4 Rc8
15. cxd5 exd5 16. Qd3 Qa5 17. Rc2 Rc6 18. Rfc1 Rfc8 19. g3 h6 20. Qf5 Qc7 21.
Rxc6 bxc6 22. Nf3 Qd7 23. Qd3 Qb7 24. Nh4 Ne4 25. Nf5 Bf8 26. Bb2 Qd7 27. Nd4
c5 28. Qxa6 Rc7 29. Nb5 Rc6 30. Qa4 Qf5 31. Rf1 Nd2 32. Nc3 Qh3 0-1

[Event "First Saturday09JulyIM-A"]
[Site "Budapest"]
[Date "2009.07.04"]
[Round "1"]
[White "Klein, David"]
[Black "Zentai, Peter"]
[Result "1/2-1/2"]
[WhiteElo "2236"]
[BlackElo "2263"]
[PlyCount "45"]
[EventDate "2009.07.04"]

1. e4 e6 2. d4 d5 3. Nd2 dxe4 4. Nxe4 Nd7 5. Nf3 Ngf6 6. Nxf6+ Nxf6 7. c3 c5 8.
Ne5 a6 9. Qa4+ Bd7 10. Nxd7 Qxd7 11. Qxd7+ Nxd7 12. Be3 cxd4 13. Bxd4 e5 14.
Be3 Bc5 15. Bxc5 Nxc5 16. O-O-O Rd8 17. Bc4 Ke7 18. Kc2 Rxd1 19. Rxd1 Rc8 20.
Bd5 Rc7 21. Re1 Kd6 22. Rd1 Ke7 23. Re1 1/2-1/2

[Event "First Saturday09JulyIM-A"]
[Site "Budapest"]
[Date "2009.07.05"]
[Round "2"]
[White "Bakin, Alexander"]
[Black "Klein, David"]
[Result "1-0"]
[WhiteElo "2248"]
[BlackElo "2236"]
[PlyCount "89"]
[EventDate "2009.07.04"]

1. e4 c5 2. Nf3 d6 3. c3 Nf6 4. Bc4 Nc6 5. Qe2 Bg4 6. h3 Bh5 7. d3 a6 8. Bb3 e6
9. g4 Bg6 10. h4 h5 11. g5 Nd7 12. Nh2 Be7 13. f4 d5 14. f5 exf5 15. exd5 Nce5
16. d4 cxd4 17. cxd4 Qc7 18. Nc3 Ng4 19. d6 Qxd6 20. Nxg4 fxg4 21. Nd5 Kd8 22.
Bf4 Qe6 23. Bc7+ Ke8 24. Nf6+ gxf6 25. Bxe6 Rc8 26. Bb3 Rxc7 27. gxf6 Nxf6 28.
O-O Kd8 29. Qe5 Rc6 30. Qb8+ Rc8 31. Qxb7 Be4 32. Qxa6 Nd7 33. Rac1 Ra8 34. Qc4
f5 35. Qc7+ Ke8 36. Bc2 Bf3 37. Bxf5 Rd8 38. Rce1 Kf8 39. Bxd7 Bf6 40. Qd6+ Kg7
41. Re6 Bxh4 42. Rg6+ Kf7 43. Qe6+ Kf8 44. Rf6+ Kg7 45. Qf7# 1-0

[Event "First Saturday09JulyIM-A"]
[Site "Budapest"]
[Date "2009.07.05"]
[Round "2"]
[White "Sebestyen, Balazs"]
[Black "Nazarenus, Olaf"]
[Result "1/2-1/2"]
[WhiteElo "2242"]
[BlackElo "2154"]
[PlyCount "44"]
[EventDate "2009.07.04"]

1. Nf3 c5 2. c4 Nc6 3. d4 cxd4 4. Nxd4 Nf6 5. Nc3 e6 6. a3 d5 7. cxd5 exd5 8.
Bf4 a6 9. e3 Bd6 10. Bxd6 Qxd6 11. Be2 O-O 12. Bf3 Ne5 13. h3 Be6 14. O-O Rac8
15. Qe2 Qb6 16. Rfd1 Rfe8 17. Rac1 Rc4 18. Rc2 Rec8 19. Rdc1 Qd6 20. Qd1 Nxf3+
21. Qxf3 Qe5 22. Qe2 h6 1/2-1/2

[Event "First Saturday09JulyIM-A"]
[Site "Budapest"]
[Date "2009.07.05"]
[Round "2"]
[White "Biro, Sandor"]
[Black "Khadempour, Farhad"]
[Result "1-0"]
[WhiteElo "2312"]
[BlackElo "2180"]
[PlyCount "93"]
[EventDate "2009.07.04"]

1. b3 e5 2. Bb2 Nc6 3. e3 d5 4. Bb5 Bd6 5. f4 Qe7 6. Nf3 Bg4 7. fxe5 Bxe5 8.
Bxe5 Bxf3 9. Qxf3 Qxe5 10. d4 Qd6 11. O-O Nf6 12. c4 O-O 13. Nc3 Ne7 14. c5 Qe6
15. Bd3 c6 16. Rae1 Rae8 17. h3 Ng6 18. Qg3 b5 19. cxb6 axb6 20. Qc7 Rb8 21.
Bf5 Qe8 22. Na4 b5 23. Nc5 Ne7 24. Bd3 Qd8 25. Qg3 Nd7 26. Nxd7 Qxd7 27. Rf6
Rbd8 28. Rc1 Kh8 29. Qh4 g6 30. Qf4 Kg7 31. h4 h5 32. Qe5 Kg8 33. Rcf1 Rde8 34.
Qg5 Kg7 35. g3 Qc7 36. Kh2 Ra8 37. Bb1 Rae8 38. R1f2 Qd7 39. R2f4 Qc7 40. Kg2
Qd7 41. g4 hxg4 42. h5 Ng8 43. hxg6 Nxf6 44. gxf7+ Kxf7 45. Rxf6+ Ke7 46. Rg6+
Kf7 47. Qf6# 1-0

[Event "First Saturday09JulyIM-A"]
[Site "Budapest"]
[Date "2009.07.05"]
[Round "2"]
[White "Farago, Sandor"]
[Black "Szeberenyi, Adam"]
[Result "1/2-1/2"]
[WhiteElo "2244"]
[BlackElo "2318"]
[PlyCount "24"]
[EventDate "2009.07.04"]

1. d4 d5 2. c4 e6 3. Nc3 Nf6 4. Nf3 Be7 5. Bg5 O-O 6. e3 b6 7. Be2 Bb7 8. Bxf6
Bxf6 9. cxd5 exd5 10. b4 c6 11. O-O Nd7 12. Rb1 Re8 1/2-1/2

[Event "First Saturday09JulyIM-A"]
[Site "Budapest"]
[Date "2009.07.05"]
[Round "2"]
[White "Szalanczy, Emil"]
[Black "Margraf, Daniel"]
[Result "1-0"]
[WhiteElo "2318"]
[BlackElo "2238"]
[PlyCount "47"]
[EventDate "2009.07.04"]

1. e4 e5 2. Nf3 Nf6 3. d4 Nxe4 4. Bd3 d5 5. Nxe5 Be7 6. O-O O-O 7. c4 c6 8. Nc3
Nxc3 9. bxc3 Nd7 10. f4 dxc4 11. Bxc4 Nb6 12. Bb3 c5 13. f5 cxd4 14. cxd4 Bd7
15. Qh5 Be8 16. Be3 Nd5 17. Bf2 a5 18. Qf3 Nf6 19. Qxb7 a4 20. Bd1 Rb8 21. Qf3
Rb4 22. Rc1 Bd6 23. h3 Qb8 24. Re1 1-0

[Event "First Saturday09JulyIM-A"]
[Site "Budapest"]
[Date "2009.07.06"]
[Round "3"]
[White "Szeberenyi, Adam"]
[Black "Szalanczy, Emil"]
[Result "0-1"]
[WhiteElo "2318"]
[BlackElo "2318"]
[PlyCount "48"]
[EventDate "2009.07.04"]

1. Nf3 c5 2. c4 Nf6 3. Nc3 g6 4. g3 Bg7 5. Bg2 O-O 6. O-O Nc6 7. d4 cxd4 8.
Nxd4 Ng4 9. e3 d6 10. b3 Nxd4 11. exd4 Nh6 12. Bb2 Nf5 13. Ne2 Rb8 14. Qc2 Bd7
15. Rad1 e6 16. d5 e5 17. c5 dxc5 18. Qxc5 Rc8 19. Qa3 Rc2 20. Nc3 Nd4 21. Be4
Rxc3 22. Bxc3 Ne2+ 23. Kg2 Nxc3 24. Rde1 Bb5 0-1

[Event "First Saturday09JulyIM-A"]
[Site "Budapest"]
[Date "2009.07.06"]
[Round "3"]
[White "Khadempour, Farhad"]
[Black "Farago, Sandor"]
[Result "0-1"]
[WhiteElo "2180"]
[BlackElo "2244"]
[PlyCount "96"]
[EventDate "2009.07.04"]

1. c4 e5 2. Nc3 Nc6 3. Nf3 f5 4. d4 e4 5. Bg5 Be7 6. Bxe7 Ngxe7 7. Nd2 Nxd4 8.
Ndxe4 Nec6 9. e3 Ne6 10. Nd2 f4 11. e4 O-O 12. Nf3 d6 13. Qd2 Nc5 14. O-O-O Bg4
15. Re1 Bxf3 16. gxf3 Ne5 17. Be2 c6 18. Rd1 Rf6 19. b4 Ncd7 20. Qd4 a5 21. b5
a4 22. Kc2 Qa5 23. Rb1 Nc5 24. Rhg1 Rd8 25. Qd2 h6 26. h4 Kh7 27. h5 Rd7 28.
Rh1 Ne6 29. a3 Qa7 30. b6 Qa5 31. Rb4 Qc5 32. Rf1 Nd4+ 33. Kb1 Nexf3 34. Qd1
Nxe2 35. Qxe2 Nd4 36. Qg4 Re7 37. Nxa4 Qa5 38. Qd1 c5 39. Rb2 f3 40. Re1 Re5
41. Re3 Rxh5 42. Nc3 Rg5 43. Nb5 Ne2 44. Qd3 Rg1+ 45. Kc2 Qa4+ 46. Qb3 Rc1+ 47.
Kd3 Qa5 48. Rb1 Nf4# 0-1

[Event "First Saturday09JulyIM-A"]
[Site "Budapest"]
[Date "2009.07.06"]
[Round "3"]
[White "Nazarenus, Olaf"]
[Black "Biro, Sandor"]
[Result "1/2-1/2"]
[WhiteElo "2154"]
[BlackElo "2312"]
[PlyCount "49"]
[EventDate "2009.07.04"]

1. e4 e5 2. Nf3 Nc6 3. d4 exd4 4. Bc4 Nf6 5. e5 Ne4 6. O-O d5 7. Bb3 Be6 8. Ba4
Bc5 9. Nxd4 O-O 10. Bxc6 bxc6 11. Be3 Bxd4 12. Qxd4 c5 13. Qd1 d4 14. Bf4 f5
15. f3 Ng5 16. Nd2 Nf7 17. Bg3 Qd5 18. f4 c4 19. Nf3 Rfd8 20. Qd2 Rab8 21. c3
c5 22. Bf2 d3 23. Rab1 Qc6 24. Rfd1 Bd5 25. Qe3 1/2-1/2

[Event "First Saturday09JulyIM-A"]
[Site "Budapest"]
[Date "2009.07.06"]
[Round "3"]
[White "Zentai, Peter"]
[Black "Bakin, Alexander"]
[Result "1/2-1/2"]
[WhiteElo "2263"]
[BlackElo "2248"]
[PlyCount "54"]
[EventDate "2009.07.04"]

1. d4 Nf6 2. c4 e6 3. Nc3 c5 4. d5 exd5 5. cxd5 d6 6. Nf3 g6 7. Nd2 a6 8. a4
Nbd7 9. e4 Qe7 10. Be2 Bg7 11. O-O O-O 12. Qc2 Re8 13. b3 Ne5 14. Bb2 g5 15.
Rfe1 Rb8 16. a5 Ng6 17. Nc4 Ng4 18. Nd1 N4e5 19. Nb6 Nf4 20. Ne3 Qf6 21. Nxc8
Rbxc8 22. Rab1 Bh8 23. Nf5 Qg6 24. f3 h5 25. Qd2 Nd7 26. Bxh8 Kxh8 27. Bf1 Qf6
1/2-1/2

[Event "First Saturday09JulyIM-A"]
[Site "Budapest"]
[Date "2009.07.07"]
[Round "4"]
[White "Sebestyen, Balazs"]
[Black "Zentai, Peter"]
[Result "0-1"]
[WhiteElo "2242"]
[BlackElo "2263"]
[PlyCount "80"]
[EventDate "2009.07.04"]

1. c4 Nf6 2. Nc3 e6 3. e4 d5 4. e5 d4 5. exf6 dxc3 6. bxc3 Qxf6 7. Nf3 c5 8. d4
cxd4 9. cxd4 Bb4+ 10. Bd2 Bxd2+ 11. Qxd2 Nc6 12. Be2 O-O 13. O-O Rd8 14. Rfd1
Nxd4 15. Nxd4 e5 16. Qb2 exd4 17. Rd2 Be6 18. Rad1 b6 19. Rxd4 Rxd4 20. Qxd4
Qxd4 21. Rxd4 Rc8 22. Kf1 Kf8 23. Ke1 Rc5 24. a4 Ke7 25. f4 Bd7 26. Bd1 Ra5 27.
Rd5 Rxd5 28. cxd5 Kd6 29. Bb3 Bf5 30. Kd2 Be4 31. g3 Bxd5 32. Bc2 h6 33. Kc3
Kc5 34. Bd1 a6 35. Be2 b5 36. axb5 axb5 37. Bd3 Bc4 38. Bc2 b4+ 39. Kd2 Kd4 40.
Bb1 Bd5 0-1

[Event "First Saturday09JulyIM-A"]
[Site "Budapest"]
[Date "2009.07.07"]
[Round "4"]
[White "Farago, Sandor"]
[Black "Nazarenus, Olaf"]
[Result "1-0"]
[WhiteElo "2244"]
[BlackElo "2154"]
[PlyCount "43"]
[EventDate "2009.07.04"]

1. e4 c5 2. Nf3 d6 3. d4 cxd4 4. Nxd4 Nf6 5. Nc3 g6 6. Be3 Bg7 7. Bc4 O-O 8. h3
Nxe4 9. Nxe4 d5 10. Nb5 e6 11. Bd4 Qa5+ 12. c3 dxc4 13. Bxg7 Kxg7 14. Qd4+ f6
15. Qxc4 Nc6 16. O-O-O a6 17. Nbd6 Ne5 18. Qb3 Bd7 19. f4 Nf7 20. Nxb7 Qc7 21.
Nbc5 Rad8 22. Rxd7 1-0

[Event "First Saturday09JulyIM-A"]
[Site "Budapest"]
[Date "2009.07.07"]
[Round "4"]
[White "Szalanczy, Emil"]
[Black "Khadempour, Farhad"]
[Result "1-0"]
[WhiteElo "2318"]
[BlackElo "2180"]
[PlyCount "86"]
[EventDate "2009.07.04"]

1. e4 e5 2. Nf3 Nc6 3. Bb5 a6 4. Ba4 Nf6 5. O-O Nxe4 6. d4 b5 7. Bb3 d5 8. dxe5
Be6 9. c3 Be7 10. Nbd2 Nxd2 11. Bxd2 O-O 12. Be3 Na5 13. Nd4 Qd7 14. f4 c5 15.
Nxe6 fxe6 16. Bc2 g6 17. b3 Nc6 18. Qg4 Rf7 19. Rad1 Rd8 20. h4 Rg7 21. Rf3 Bf8
22. Bf2 Qf7 23. Kh2 Kh8 24. Qh3 Be7 25. Rd2 Rb8 26. a3 c4 27. b4 a5 28. Be3
axb4 29. axb4 Ra8 30. Bc5 Bxc5 31. bxc5 Rgg8 32. Qg3 Ra3 33. Bb1 Rb8 34. Rb2 d4
35. cxd4 Rxf3 36. gxf3 Nxd4 37. Rd2 Nc6 38. Rd6 Rc8 39. Be4 c3 40. Kh3 Ne7 41.
c6 c2 42. Bxc2 Rxc6 43. Be4 Rc8 1-0

[Event "First Saturday09JulyIM-A"]
[Site "Budapest"]
[Date "2009.07.07"]
[Round "4"]
[White "Margraf, Daniel"]
[Black "Szeberenyi, Adam"]
[Result "1-0"]
[WhiteElo "2238"]
[BlackElo "2318"]
[PlyCount "34"]
[EventDate "2009.07.04"]

1. e4 c5 2. Nc3 Nc6 3. f4 g6 4. Nf3 Bg7 5. Bc4 e6 6. d3 Nge7 7. O-O d5 8. Bb3
O-O 9. Qe1 Na5 10. Bd2 c4 11. Ba4 Qb6+ 12. Kh1 Qxb2 13. Rb1 Qa3 14. Nb5 Qxa4
15. Bxa5 Nc6 16. Bc3 Qxc2 17. Bxg7 Kxg7 1-0

[Event "First Saturday09JulyIM-A"]
[Site "Budapest"]
[Date "2009.07.08"]
[Round "5"]
[White "Khadempour, Farhad"]
[Black "Margraf, Daniel"]
[Result "1/2-1/2"]
[WhiteElo "2180"]
[BlackElo "2238"]
[PlyCount "117"]
[EventDate "2009.07.04"]

1. e4 c5 2. Nf3 Nc6 3. Bb5 g6 4. O-O Bg7 5. Re1 Nf6 6. e5 Ng4 7. Bxc6 dxc6 8.
d3 O-O 9. Qe2 f6 10. Nbd2 Qd5 11. b3 Nh6 12. Bb2 Nf5 13. Qe4 Rd8 14. Re2 Qxe4
15. Nxe4 Nd4 16. Bxd4 cxd4 17. exf6 exf6 18. Nc5 Kf7 19. Rae1 Bf8 20. Ne6 Bxe6
21. Rxe6 Rd5 22. R1e2 Bb4 23. R6e4 Rad8 24. Kf1 b5 25. c3 dxc3 26. Rxb4 Rxd3
27. Rc2 a5 28. Rf4 Rd1+ 29. Ke2 b4 30. Ne5+ Kg7 31. Nc4 R1d5 32. Re4 Kf7 33. g3
g5 34. h4 h6 35. hxg5 hxg5 36. a3 Rb8 37. axb4 axb4 38. Ne3 Ra5 39. Kd3 f5 40.
Rd4 c5 41. Rd5 f4 42. gxf4 gxf4 43. Rf5+ Ke6 44. Rxf4 Rd8+ 45. Kc4 Ra3 46. Re4+
Kf7 47. Ng4 Rd2 48. Ne3 Rd4+ 49. Rxd4 cxd4 50. Kxd4 Rxb3 51. Kd3 Rb1 52. Re2
Kf6 53. Nc4 Kf5 54. Kc2 Ra1 55. Kb3 Rb1+ 56. Ka2 Rh1 57. Kb3 Rb1+ 58. Kc2 Ra1
59. Kb3 1/2-1/2

[Event "First Saturday09JulyIM-A"]
[Site "Budapest"]
[Date "2009.07.08"]
[Round "5"]
[White "Nazarenus, Olaf"]
[Black "Szalanczy, Emil"]
[Result "0-1"]
[WhiteElo "2154"]
[BlackElo "2318"]
[PlyCount "40"]
[EventDate "2009.07.04"]

1. e4 c5 2. Nf3 d6 3. d4 cxd4 4. Nxd4 Nf6 5. Nc3 g6 6. Bc4 Bg7 7. f3 Nc6 8. Be3
h5 9. Qd2 Bd7 10. O-O-O Rc8 11. Bb3 Qa5 12. Kb1 h4 13. g4 h3 14. Nxc6 Bxc6 15.
Bd4 Kf8 16. Rhe1 Nd7 17. f4 Rh7 18. g5 Bxd4 19. Qxd4 Qc5 20. Qd3 Kg7 0-1

[Event "First Saturday09JulyIM-A"]
[Site "Budapest"]
[Date "2009.07.08"]
[Round "5"]
[White "Klein, David"]
[Black "Farago, Sandor"]
[Result "0-1"]
[WhiteElo "2236"]
[BlackElo "2244"]
[PlyCount "64"]
[EventDate "2009.07.04"]

1. e4 c5 2. Nf3 d6 3. d4 cxd4 4. Nxd4 Nf6 5. Nc3 a6 6. h3 b5 7. Nd5 Nxd5 8.
exd5 Bb7 9. a4 b4 10. Bc4 Qc7 11. Bb3 Nd7 12. O-O Nc5 13. Re1 Nxb3 14. cxb3 Rc8
15. Nf5 Qd7 16. Qg4 g6 17. Qd4 Qxf5 18. Qxh8 Qxd5 19. f3 Kd7 20. Qxh7 Rc2 21.
Rf1 Qd4+ 22. Kh1 Bg7 23. Bh6 Qe5 24. Rac1 Re2 25. Rc4 Bxf3 26. Bf4 Bxg2+ 27.
Kg1 Qd4+ 28. Rxd4 Bxd4+ 29. Kh2 Bd5+ 30. Kg3 Rg2+ 31. Kh4 Bf6+ 32. Bg5 Bxg5#
0-1

[Event "First Saturday09JulyIM-A"]
[Site "Budapest"]
[Date "2009.07.08"]
[Round "5"]
[White "Zentai, Peter"]
[Black "Biro, Sandor"]
[Result "1/2-1/2"]
[WhiteElo "2263"]
[BlackElo "2312"]
[PlyCount "65"]
[EventDate "2009.07.04"]

1. d4 Nf6 2. c4 g6 3. Nc3 d5 4. Bf4 Bg7 5. e3 c5 6. dxc5 Qa5 7. Qa4+ Qxa4 8.
Nxa4 Be6 9. Rc1 Nbd7 10. Nf3 Rc8 11. Nd4 Nxc5 12. Nxc5 Rxc5 13. b4 Rc8 14. Nxe6
fxe6 15. Be5 O-O 16. Be2 Ne4 17. Bxg7 Kxg7 18. f3 Nd6 19. c5 Rc7 20. Kd2 Nf7
21. Rc2 Rd8 22. Bd3 e5 23. Ke2 Ng5 24. Rhc1 Rdc8 25. Bb5 Ne6 26. Ba4 a5 27. a3
axb4 28. axb4 Ra8 29. Bb3 Rd7 30. Ra2 Rxa2+ 31. Bxa2 Nc7 32. Bb3 Rd8 33. Ra1
1/2-1/2

[Event "First Saturday09JulyIM-A"]
[Site "Budapest"]
[Date "2009.07.09"]
[Round "6"]
[White "Biro, Sandor"]
[Black "Bakin, Alexander"]
[Result "1-0"]
[WhiteElo "2312"]
[BlackElo "2248"]
[PlyCount "115"]
[EventDate "2009.07.04"]

1. e4 c6 2. Nf3 d5 3. exd5 cxd5 4. Ne5 Nc6 5. d4 a6 6. c3 Bf5 7. g4 Nxe5 8.
gxf5 Nc6 9. Nd2 Nf6 10. Nb3 g6 11. Bh3 Ne4 12. Qf3 Qd6 13. Be3 Qf6 14. Qf4 Nd6
15. fxg6 Qxf4 16. Bxf4 hxg6 17. Bg2 e6 18. Nc5 b6 19. Nd3 Kd7 20. Ne5+ Nxe5 21.
dxe5 Nf5 22. O-O Rc8 23. Rad1 Rh4 24. Bg3 Ra4 25. a3 Rac4 26. Rfe1 Ke8 27. Bf1
Ra4 28. Bd3 b5 29. Bxf5 gxf5 30. f4 a5 31. Kg2 Rac4 32. Re3 b4 33. axb4 axb4
34. cxb4 Rc2+ 35. Kf3 Rxb2 36. h4 Rxb4 37. h5 Bh6 38. Ra3 Kf8 39. Rdd3 Rc1 40.
Ra8+ Kg7 41. Re3 Bxf4 42. Bxf4 Rf1+ 43. Kg2 Rfxf4 44. h6+ Kh7 45. Ra7 Rg4+ 46.
Kf1 Kg6 47. Rc3 Rbf4+ 48. Ke1 Re4+ 49. Kf1 Rh4 50. Rcc7 Rxh6 51. Rxf7 Rxe5 52.
Rg7+ Kh5 53. Rg2 Re4 54. Rag7 d4 55. Kf2 Rh8 56. R7g5+ Kh6 57. R5g3 Re3 58.
Rh2# 1-0

[Event "First Saturday09JulyIM-A"]
[Site "Budapest"]
[Date "2009.07.09"]
[Round "6"]
[White "Farago, Sandor"]
[Black "Zentai, Peter"]
[Result "0-1"]
[WhiteElo "2244"]
[BlackElo "2263"]
[PlyCount "48"]
[EventDate "2009.07.04"]

1. e4 e6 2. d4 d5 3. Nc3 Nc6 4. Nf3 Nf6 5. e5 Ne4 6. a3 f6 7. exf6 Qxf6 8. Be3
Nxc3 9. bxc3 Bd6 10. c4 O-O 11. Bd3 e5 12. cxd5 Nxd4 13. Ng5 Bf5 14. c3 Qg6 15.
cxd4 Bxd3 16. h4 h5 17. dxe5 Bxe5 18. Rc1 Bb2 19. Rxc7 Rac8 20. Re7 Bc3+ 21.
Bd2 Qf6 22. Re2 Bxd2+ 23. Rxd2 Qe5+ 24. Re2 Bxe2 0-1

[Event "First Saturday09JulyIM-A"]
[Site "Budapest"]
[Date "2009.07.09"]
[Round "6"]
[White "Szalanczy, Emil"]
[Black "Klein, David"]
[Result "1-0"]
[WhiteElo "2318"]
[BlackElo "2236"]
[PlyCount "119"]
[EventDate "2009.07.04"]

1. e4 c5 2. Nf3 d6 3. d4 cxd4 4. Nxd4 Nf6 5. Nc3 g6 6. Be3 Ng4 7. Bc1 Nf6 8.
Be3 Ng4 9. Bg5 h6 10. Bh4 g5 11. Bg3 Bg7 12. h3 Ne5 13. Qd2 Nbc6 14. O-O-O Ng6
15. Nf5 Bxf5 16. exf5 Nge5 17. Nd5 Rc8 18. Kb1 Na5 19. b3 Rc5 20. Be2 Nd7 21.
Qe3 Kf8 22. Rhe1 Nc6 23. Qd2 Nf6 24. Bf3 Nxd5 25. Bxd5 Bc3 26. Qe3 Bxe1 27.
Qxe1 Qa5 28. Qxa5 Rxa5 29. f6 exf6 30. c4 Kg7 31. Bxd6 Rc8 32. Kb2 b5 33. Bxc6
bxc4 34. Ba4 cxb3 35. Bxb3 h5 36. Rd4 Rb5 37. Bb4 a5 38. Bd2 Re8 39. Ka3 Re2
40. Be3 Rb7 41. Ka4 f5 42. Bxg5 Rxf2 43. g3 Rh2 44. h4 f4 45. Bxf4 Kg6 46. Rd5
f6 47. Rxa5 Re2 48. Ka3 Re8 49. Rc5 Rb6 50. Bc2+ Kg7 51. Rc7+ Kh8 52. Bb3 f5
53. Ra7 Rf6 54. Bc1 Re2 55. Bb2 Rxb2 56. Kxb2 f4 57. gxf4 Rxf4 58. Ra4 Rf3 59.
Rc4 Rh3 60. a4 1-0

[Event "First Saturday09JulyIM-A"]
[Site "Budapest"]
[Date "2009.07.09"]
[Round "6"]
[White "Margraf, Daniel"]
[Black "Nazarenus, Olaf"]
[Result "0-1"]
[WhiteElo "2238"]
[BlackElo "2154"]
[PlyCount "44"]
[EventDate "2009.07.04"]

1. e4 c5 2. Nc3 g6 3. f4 Bg7 4. Nf3 Nc6 5. Bc4 e6 6. f5 exf5 7. d3 Bxc3+ 8.
bxc3 Qa5 9. Rb1 fxe4 10. Ng5 Qxc3+ 11. Bd2 Qe5 12. dxe4 h6 13. Nf3 Qxe4+ 14.
Be2 Nge7 15. O-O Rg8 16. Rf2 Nd4 17. Bd3 Nxf3+ 18. Rxf3 Qh4 19. Qf1 f5 20. Kh1
b6 21. Rf4 Qg5 22. Rf2 Qf6 0-1

[Event "First Saturday09JulyIM-A"]
[Site "Budapest"]
[Date "2009.07.10"]
[Round "7"]
[White "Nazarenus, Olaf"]
[Black "Szeberenyi, Adam"]
[Result "0-1"]
[WhiteElo "2154"]
[BlackElo "2318"]
[PlyCount "74"]
[EventDate "2009.07.04"]

1. Nf3 c5 2. c4 Nc6 3. e4 e5 4. Nc3 g6 5. Bd3 Bg7 6. O-O Nge7 7. Bc2 O-O 8. a3
d6 9. Rb1 Nd4 10. Nxd4 cxd4 11. Nd5 Nxd5 12. exd5 f5 13. b4 b6 14. Bb3 Kh8 15.
Bb2 f4 16. f3 Qh4 17. Rc1 Rf5 18. Qe1 Qh6 19. c5 bxc5 20. bxc5 Rh5 21. cxd6
Rxh2 22. d3 Bf6 23. Bxd4 Rh1+ 24. Kf2 Bh4+ 25. Ke2 Bxe1 26. Bxe5+ Kg8 27. Rxh1
Qxh1 28. Rxe1 Qxg2+ 29. Kd1 Qxf3+ 30. Kd2 Bg4 31. Bd4 Qg2+ 32. Kc3 Rc8+ 33. Bc4
Rb8 34. Bb5 Bd7 35. Bxd7 Qb2+ 36. Kc4 Qb3+ 37. Kc5 Qc2+ 0-1

[Event "First Saturday09JulyIM-A"]
[Site "Budapest"]
[Date "2009.07.10"]
[Round "7"]
[White "Klein, David"]
[Black "Margraf, Daniel"]
[Result "0-1"]
[WhiteElo "2236"]
[BlackElo "2238"]
[PlyCount "74"]
[EventDate "2009.07.04"]

1. e4 e5 2. Nf3 Nf6 3. Nxe5 d6 4. Nf3 Nxe4 5. Nc3 Nf6 6. d4 Bg4 7. h3 Bh5 8.
Be3 d5 9. g4 Bg6 10. Ne5 Bb4 11. Nxg6 hxg6 12. Bg2 Ne4 13. Qd3 O-O 14. Bxe4
dxe4 15. Qxe4 Nc6 16. Qd3 Qd5 17. Ke2 Bxc3 18. bxc3 Rad8 19. Rhg1 Rfe8 20. Rab1
Qxa2 21. Ra1 Qd5 22. h4 b5 23. h5 b4 24. hxg6 fxg6 25. Ra4 Rf8 26. Rg3 a5 27.
Kf1 Ne5 28. Qe2 Qh1+ 29. Rg1 Qh3+ 30. Rg2 Nf3 31. Qc4+ Rf7 32. Rxa5 Qh1+ 33.
Ke2 Qe1+ 34. Kd3 Qf1+ 35. Ke4 Qxc4 36. Bh6 Qe2+ 37. Be3 Qxc2# 0-1

[Event "First Saturday09JulyIM-A"]
[Site "Budapest"]
[Date "2009.07.10"]
[Round "7"]
[White "Zentai, Peter"]
[Black "Szalanczy, Emil"]
[Result "1-0"]
[WhiteElo "2263"]
[BlackElo "2318"]
[PlyCount "129"]
[EventDate "2009.07.04"]

1. d4 c5 2. d5 e6 3. c4 exd5 4. cxd5 d6 5. Nc3 g6 6. e4 Bg7 7. Bd3 Nh6 8. Bf4
f6 9. Qd2 Nf7 10. h3 Nd7 11. Nf3 O-O 12. O-O Nde5 13. Nxe5 fxe5 14. Be3 Bd7 15.
a4 Qh4 16. Rfb1 a5 17. Ra3 b6 18. Bf1 Bf6 19. Re1 Ng5 20. Bxg5 Bxg5 21. Qc2 Rf7
22. g3 Qh6 23. h4 Be7 24. Bb5 Bh3 25. Bf1 Bg4 26. Be2 Bd7 27. Bb5 Bxb5 28. Nxb5
Raf8 29. Re2 Qh5 30. Nc7 Bxh4 31. Ne6 Bd8 32. Nxf8 Rxf8 33. Re1 g5 34. Kg2 g4
35. Rh1 Qg6 36. Qe2 h5 37. f3 gxf3+ 38. Rxf3 Rf4 39. Rxf4 exf4 40. Qf3 h4 41.
Qxf4 Bf6 42. b3 Kg7 43. Rf1 hxg3 44. Qxg3 Bg5 45. Rf5 Kh6 46. Qh3+ Kg7 47. Kf3
Bf6 48. Qg4 Qxg4+ 49. Kxg4 Kf7 50. Rf3 Ke7 51. Kf4 Bd4 52. Rh3 Kd7 53. Kf3 Kc7
54. Rh7+ Kb8 55. Ke2 b5 56. axb5 c4 57. bxc4 a4 58. Kd3 Be5 59. Kc2 Ka8 60. b6
Kb8 61. Ra7 Bd4 62. Rxa4 Bxb6 63. Kd3 Kb7 64. Rb4 Kc7 65. Rxb6 1-0

[Event "First Saturday09JulyIM-A"]
[Site "Budapest"]
[Date "2009.07.10"]
[Round "7"]
[White "Bakin, Alexander"]
[Black "Farago, Sandor"]
[Result "1/2-1/2"]
[WhiteElo "2248"]
[BlackElo "2244"]
[PlyCount "23"]
[EventDate "2009.07.04"]

1. e4 c5 2. Nf3 d6 3. c3 Nf6 4. Bc4 e6 5. Qe2 a6 6. Bb3 Be7 7. d4 cxd4 8. cxd4
Nc6 9. O-O d5 10. e5 Ne4 11. Nbd2 f5 12. exf6 1/2-1/2